Pokémon - Les attaques de Nigirigon - Statistiques

Statistiques générales
  • Ce quiz a été pris 11 fois
  • Le résultat moyen est 8 sur 12
Statistiques - réponses
Niveaux Types Noms des attaques % Correct
Niveau 43 Ténèbres Machination
100%
Départ Eau Pistolet à O
100%
Niveau 17 Eau Vibraqua
100%
Niveau 52 Dragon Draco-Choc
83%
Niveau 23 Eau Détrempage
67%
Niveau 39 Eau Ocroupi
67%
Niveau 28 Ténèbres Provoc
67%
Niveau 6 Normal Armure
50%
Niveau 12 Normal Coup d'Main
33%
Niveau 34 Ténèbres Souvenir
33%
Niveau 47 Psy Voile Miroir
33%
Départ Normal Trempette
17%
Aucun quiz correspondant
Distribution des résultats
% des personnes avec chaque résultat
Percentile par nombre de réponses
Votre historique - résultats
Vous n’avez pas pris ce quiz